| 000 | 00542nam a2200169Ia 4500 | ||
|---|---|---|---|
| 008 | 240729s9999 xx 000 0 und d | ||
| 022 | _a2355-8989 | ||
| 245 | 0 | _aISCC (Indonesian Journal of Cancer Chemoprevention) | |
| 260 | _aIndonesia | ||
| 260 | _bIndonesian Society for Cancer Chemoprevention | ||
| 650 | _a Internal medicine | ||
| 650 | _a Neoplasms. Tumors. Oncology. Including cancer and carcinogens | ||
| 650 | _aMedicine | ||
| 856 | _uhttps://doaj.org/toc/bc2fcf16f58049a88c91d4fb9821fd46 | ||
| 942 | _2ddc | ||
| 942 | _cDOAJEJ | ||
| 999 |
_c70652 _d70652 |
||
| 945 |
_a1 _bMadushi Gamage _c1 _dMadushi Gamage |
||